Statistics for TINI songs

Click here to take the quiz!

General Stats

  • This quiz has been taken 108 times
  • The average score is 34 of 57

Answer Stats

HintAnswer% Correct
202022
85%
2021miénteme
84%
2018quiero volver
82%
2022bar
77%
2020fresa
77%
2016siempre brillaras
76%
2016si tu te vas
76%
2020oye
75%
2018princesa
75%
2020un beso en madrid
75%
2022carne y hueso
73%
2020acércate
72%
2018flores
72%
2016great escape
72%
2022la triple T
72%
2018consejo de amor
71%
2020diciembre
71%
2022fantasi
71%
2020recuerdo
71%
2020duele
70%
2020ella dice
70%
2020sueltate el pelo
70%
2022maldita foto
67%
2018te quiero mas
67%
2018por que te vas
66%
2020te olvidaré
66%
20212:50
65%
2020high
65%
2022la loto
65%
2016finders keepers
63%
2020playa
63%
2018waves
62%
2020si tu supieras
58%
2020tuyo
56%
2018respirar
53%
2022el ultimo beso
52%
2016got me started
52%
2020bésame
51%
2016handwritten
51%
2016my stupid heart
51%
2016yo te amo a ti
49%
2021la nina de la escuela
48%
2022suéltame
48%
2018like that
47%
2016lo que tu alma escribe
47%
2018love is love
46%
2016all you gotta do
43%
2016sigo adelante
43%
2020ya no me llames
43%
2016born to shine
42%
2016losing the love
42%
2018never ready
42%
2016still standing
42%
2016don't cry for me
39%
2016se escapa tu amor
38%
2016solo dime tu
35%
2016i want you
29%

Score Distribution

Percentile by Number Answered

Percent of People with Each Score

Your Score History

You have not taken this quiz